LEADER 01189nam a2200217 i 4500 001 000000167038 003 CaOOAMICUS 005 20071122000000.0 008 071122s1905 it u000 u ita u 013 $a144409 040 $aSeMil$bita 100 1 $aManzoni, Alessandro,$d<1785-1873>.$0(OLS)http://semarc/name/1162 245 12$aI promessi sposi :$bstoria milanese del secolo 17. /$cscoperta e rifatta da Alessandro Manzoni ; illustrati con 40 tavole tratte da disegni originali di Gaetano Previati e preceduti da uno studio su gli anni di noviziato poetico del Manzoni di Michele Scherillo. 300 $aLIII, 574 p., [40] p. di tav. 650 4$aManzoni, Alessandro <1785-1873> . Promessi sposi.$0(OLS)http://semarc/subject/15533 700 1 $aScherillo, Michele,$d<1860-1930>.$0(OLS)http://semarc/name/13559 700 1 $aPreviati, Gaetano,$d<1852-1920>.$0(OLS)http://semarc/name/92052 773 0 $tOpere di Alessandro Manzoni.$dMilano : U. Hoepli, [190?]$gVolume1$w()18806 850 $aSeMil 852 $aSeMil$W1$xVenegono$y1$m1B III 306$j245668$B118198$CSeMilBibl$Z2$F129005 $81 996 $6245$aI promessi sposi :$bstoria milanese del secolo 17.$9(OLS)http://semarc/title/33659 LEADER 01176nam a2200289 i 4500 001 000000215818 003 CaOOAMICUS 005 20241128123450.0 008 120918s2011 it u000 u ita u 013 $a194693 020 $a978-88-399-2291-5 040 $aSeMil$bita 100 1 $aNewman, John Henry,$c.$0(OLS)http://semarc/name/1226 240 10$aMeditations and devotions.$0(OLS)http://semarc/title/95483 245 10$aMeditazioni sulla dottrina cristiana /$cJohn Henry Newman ; introduzione di Ian Ker. 260 $aBrescia :$bQueriniana,$c2011. 300 $a164 p. ;$c20 cm. 490 0 $aMeditazioni ;$v211 700 1 $aKer, Ian <1942- >.$0(OLS)http://semarc/name/1503 830 0$aMeditazioni ;$v211.$0(OLS)http://semarc/title/6156 850 $aSeMil 852 $aSeMil$W1$xVenegono$y1$m3F II 545$j166238$B166238$CSeMilBibl$Z2$F179247 $81 961 $aOmaggio: Altro 996 $6020$a978-88-399-2291-5$9(OLS)http://semarc/number/212537 996 $6245$aMeditazioni sulla dottrina cristiana$9(OLS)http://semarc/title/310562 996 $6260$aBrescia :$bQueriniana$9(OLS)http://semarc/publisher/29615